000 00313nam a2200121Ia 4500
008 241002s9999 xx 000 0 und d
082 _a808.3 LAM
100 _aLambert, J.W
245 0 _aSaki Selected Form Beasts and Super Beasts &Other Stories
260 _aLondon:
_c1963
600 _aLiterature
942 _cUC
999 _c18708
_d18708